National Parks of Taiwan - Statistics

General Stats
  • This quiz has been taken 41 times
  • The average score is 5 of 9
Answer Stats
Area County/City National Park % Correct
920 km² Taichung, Nantou, Hualien Taroko
85%
1031.21 km² Nantou, Chiayi, Kaohsiung, Hualien Yushan
79%
332.9 km² Pingtung Kenting
76%
113.38 km² Taipei, New Taipei City Yangmingshan
71%
768.5 km² Hsinchu, Miaoli, Taichung Shei-pa
62%
35.29 km² Kinmen Kinmen
56%
393.1 km² Tainan Taijiang
53%
3536.68 km² Kaohsiung Dongsha
35%
358.44 km² Penghu South Penghu
24%
No matching quizzes found
Score Distribution
Percent of People with Each Score
Percentile by Number Answered
Your Score History
You have not taken this quiz